Ofensywna piłka nożna w top ligach - Statystyki

Ogólne statystyki
  • Ten quiz został rozwiązany 3 925 razy
  • Średni wynik to 9 z 16
Statystyki odpowiedzi
Hint Odpowiedź % Poprawnych
Bundesliga Bayern
96%
Ligue1 PSG
95%
Premier League Liverpool
94%
Premier League Manchester City
94%
Bundesliga Borussia Dortmund
83%
Eredivisie Ajax
82%
LaLiga Barcelona
75%
Eredivisie PSV
70%
Bundesliga Bayer Leverkusen
43%
Primeira Liga FC Porto
42%
Primeira Liga Benfica
41%
Primeira Liga Sporting
41%
Eredivisie Feyenoord
35%
Serie A Atalanta
29%
Bundesliga Hoffenheim
10%
Eredivisie Vitesse
6%
Nie znaleziono quizów pasujących do podanych kryteriów
Rozkład punktacji
Procent ludzi z każdym wynikiem
Percentyl według liczby udzielonych odpowiedzi
Twoja historia wyników
Nie rozwiązałeś tego quizu